| 000 | 00423cam a2200181 4500 | ||
|---|---|---|---|
| 001 | D12162 | ||
| 008 | 090401t1956 xxu||||| |||| 00| 0 eng d | ||
| 035 | _a(Sirsi) u1530 | ||
| 041 | _aeng | ||
| 100 | _aBlundell, Lionel A | ||
| 245 | _aBlundell`s rent restrictions guide | ||
| 260 |
_bSweet and Maxwell _c1956 |
||
| 350 | _a0 | ||
| 520 | _aShelf 113 | ||
| 700 | _aWellings, V.G. | ||
| 942 | _n0 | ||
| 948 | _c04/03/1997 | ||
| 999 |
_c85681 _d85681 |
||